Jakość
| Main Authors: | , |
|---|---|
| Format: | Article |
| Language: | Polish German |
| ISSN: | ISSN 0933-4017 |
| Online Access: | http://www.viks.sk/chk/resta_1988_38_43.doc |
MARC
| LEADER | 00000nab a2200000 a 4500 | ||
|---|---|---|---|
| 001 | vtls008638591 | ||
| 005 | 20260525140450.0 | ||
| 008 | 041203 1988 xo 000 0 pol | ||
| 035 | |a (KIS3G)CLAS02vtls000012367 | ||
| 040 | |a SNKORKD |b slo |c SNKORKD |e AACR2 | ||
| 041 | 1 | |a pol |h ger | |
| 044 | |a xo |c SK | ||
| 100 | 1 | |a Palm, J. |4 aut |9 1071992 | |
| 245 | 1 | 0 | |a Jakość |
| 700 | 1 | |a Cullhed, P. |4 aut |9 1071993 | |
| 773 | |t Restauro |d München: Verlag Georg D. W. Callwey, 1988, p. 38-43 |x ISSN 0933-4017 | ||
| 856 | 4 | |u http://www.viks.sk/chk/resta_1988_38_43.doc | |
| 999 | |c 1762646 |d 1764576 | ||


